México 68 : Carta Olímpica 44 : triunfadores mexicanos en los Juegos de la XIX Olimpiada /
Publicación periódica quincenal, de carácter informativo, que divulgó los avances organizativos, administrativos, culturales, deportivos y de infraestructura emprendidos en preparación de la XIX olimpiada, México 68.
שמור ב:
| Autores corporativos: | , , |
|---|---|
| מחברים אחרים: | |
| פורמט: | Procedimiento de la conferencia ספר |
| שפה: | ספרדית |
| יצא לאור: |
México :
Comité Olímpico Mexicano,
1968, c1968
|
| נושאים: | |
| תגים: |
אין תגיות, היה/י הראשונ/ה לתייג את הרשומה!
|
MARC
| LEADER | 00000nam^a2200000^a^4500 | ||
|---|---|---|---|
| 001 | 000263226 | ||
| 005 | 20250526000000.0 | ||
| 009 | 20260310110609.393 | ||
| 037 | |a Acervo ITESO - Biblioteca | ||
| 041 | |a ESP | ||
| 082 | |a 796. 48 |b JUE 1968 CAR V. 44 | ||
| 111 | |a Juegos Olímpicos ( |n 19° : |d 1968 : |c México) | ||
| 240 | 1 | 1 | |a [México 68: Carta Olímpica] |
| 245 | 1 | 0 | |a México 68 : |b Carta Olímpica 44 : triunfadores mexicanos en los Juegos de la XIX Olimpiada / |c Comité Olímpico Mexicano ; texto de W. Solís. |
| 264 | 4 | |a México : |b Comité Olímpico Mexicano, |c 1968, c1968 | |
| 300 | |a 1 tríptico ; |c 22.5 cm. | ||
| 336 | |a texto |b txt |2 rdacontenido | ||
| 337 | |a sin mediación |b n |2 rdamedio | ||
| 338 | |a volumen |b nc |2 rdasoporte | ||
| 520 | |a Publicación periódica quincenal, de carácter informativo, que divulgó los avances organizativos, administrativos, culturales, deportivos y de infraestructura emprendidos en preparación de la XIX olimpiada, México 68. | ||
| 649 | |a XX | ||
| 650 | |a Juegos Olímpicos - |x Publicaciones Periódicas Mexicanas - |x Tema Principal | ||
| 650 | |a Deportistas Mexicanos - |x Biografías | ||
| 650 | |a Deportes - |x Premios | ||
| 650 | |a Conventos y Monasterios - |z México | ||
| 650 | |a Estadios - |z México | ||
| 650 | |a Arquitectura Deportiva - |z México | ||
| 650 | |a Arquitectura Barroca - |z México | ||
| 650 | |a Arquitectura Moderna - |z México | ||
| 650 | |a Arquitectura Mexicana | ||
| 650 | |a Juegos Olímpicos - |z México - |x Historia - |y 1964-1970 | ||
| 650 | |a Juegos Olímpicos - |x Historia | ||
| 650 | |a Roldán, Pilar | ||
| 650 | |a Ramírez, María Teresa | ||
| 650 | |a Rocha Herrera, Joaquín | ||
| 650 | |a Delgado Nogales, Ricardo | ||
| 650 | |a Gaxiola Robles, Alvaro | ||
| 650 | |a Pedraza Zúñiga, José | ||
| 650 | |a Zaragoza, Agustín | ||
| 650 | |a Muñoz, Felipe | ||
| 650 | |a Roldán Reyna, Antonio | ||
| 650 | |a Publicaciones Periódicas Mexicanas | ||
| 710 | |a Comité Olímpico Mexicano | ||
| 710 | |a Comité Olímpico Internacional | ||
| 700 | |a Solís, Willebaldo |e (texto) | ||
| 910 | |a Fondo Julio de la Peña Lomelín | ||
| 920 | |a Impresos - Libros | ||
| 930 | |a Libros Antiguos y Raros | ||
| 940 | |a Arquitectos Jaliscienses | ||
| 905 | |a 108 | ||
| 901 | |a 0500144505 |b IT2 |c LRA |u 20250526 | ||
| 902 | |a https://opac.biblio.iteso.mx/vufind/Record/000263226 | ||